La sierra mágica = The Magic Sierra (Record no. 1596)

MARC details
000 -CABECERA
campo de control de longitud fija 01081nam a2200277 a 4500
001 - NÚMERO DE CONTROL
campo de control BRCA_1815
005 - FECHA Y HORA DE LA ÚLTIMA TRANSACCIÓN
campo de control 20190320203549.0
008 - DATOS DE LONGITUD FIJA--INFORMACIÓN GENERAL
campo de control de longitud fija 000518s1995 mx-a---##b---s000-0#spa-#
040 ## - FUENTE DE LA CATALOGACIÓN
Centro catalogador/agencia de origen DLC
Centro/agencia transcriptor DLC
041 ## - CÓDIGO DE LENGUA
Código de lengua del texto/banda sonora o título independiente spaeng
050 #4 - SIGNATURA TOPOGRÁFICA DE LA BIBLIOTECA DEL CONGRESO
Número de clasificación F1391.P8
Número de documento/Ítem .M47 1995
100 1# - ENTRADA PRINCIPAL--NOMBRE DE PERSONA
Nombre de persona Merlo Juárez, Eduardo
9 (RLIN) 5650
245 10 - MENCIÓN DE TÍTULO
Título La sierra mágica = The Magic Sierra
Mención de responsabilidad, etc. Eduardo Merlo Juárez ; fotografía Raúl Gil Mejía ; traducción JoAnn Hopper de Chaffee, Bertha Loya de Martínez.
260 ## - PUBLICACIÓN, DISTRIBUCIÓN, ETC.
Lugar de publicación, distribución, etc. Puebla, México
Nombre del editor, distribuidor, etc. Gobierno del Estado de Puebla : Secretaría de Turismo : Dirección de Turismo
Fecha de publicación, distribución, etc. 1995
300 ## - DESCRIPCIÓN FÍSICA
Extensión 127 p.
Otras características físicas il. a color, mapas
Dimensiones 31 cm.
500 ## - NOTA GENERAL
Nota general Incluye mapa turístico del Estado de Puebla
500 ## - NOTA GENERAL
Nota general Colección Sonia Corcuera de Mancera
504 ## - NOTA DE BIBLIOGRAFÍA, ETC.
Nota de bibliografía, etc. Bibliografía: p. 126-127
651 #4 - PUNTO DE ACCESO ADICIONAL DE MATERIA--NOMBRE GEOGRÁFICO
Nombre geográfico Puebla
Subdivisión general Descripción y viajes
Subdivisión geográfica México
9 (RLIN) 5651
651 #4 - PUNTO DE ACCESO ADICIONAL DE MATERIA--NOMBRE GEOGRÁFICO
Nombre geográfico Puebla
Subdivisión de forma Trabajos Ilustrados
Subdivisión geográfica México
9 (RLIN) 5652
700 1# - PUNTO DE ACCESO ADICIONAL--NOMBRE DE PERSONA
Nombre de persona Gil Mejía, Raúl
9 (RLIN) 5653
700 1# - PUNTO DE ACCESO ADICIONAL--NOMBRE DE PERSONA
Nombre de persona Hopper de Chaffee, Joann
9 (RLIN) 5654
700 1# - PUNTO DE ACCESO ADICIONAL--NOMBRE DE PERSONA
Nombre de persona Loya de Martínez, Bertha
9 (RLIN) 5655
902 ## - CATALOGADOR
Iniciales DSC
942 ## - ELEMENTOS DE PUNTO DE ACCESO ADICIONAL (KOHA)
Fuente del sistema de clasificación o colocación Library of Congress Classification
Tipo de ítem Koha Libros
Holdings
Estado de retiro Estado de pérdida Estado dañado No para préstamo Localización permanente Ubicación/localización actual Fecha de adquisición Total de préstamos Signatura topográfica completa Código de barras Fecha visto por última vez Precio válido a partir de Tipo de ítem Koha
El ejemplar forma parte de la colección y puede ser consultado según las políticas vigentes.       Biblioteca del Museo Franz Mayer (Rogerio Casas-Alatriste) Biblioteca del Museo Franz Mayer (Rogerio Casas-Alatriste) 27/06/2008   F1391.P8 .M47 1995 DSC00060 22/03/2019 22/03/2019 Libros